000 01531nam a2200481 i 4500
001 16244
003 KOSZ 005
005 20191024132035.0
008 040519s1975 pl a f |001 0 pol
015 _aPB 1976/728
035 _a991023367229705066
035 _a(PL-WaBN)b16403150-48omnis_nlop
035 _ab16403150
035 _a(OCoLC)830574809
035 _a(PL)b0000001640315
035 _a(EXLNZ-48OMNIS_NETWORK)9910266644005606
040 _aWA N
_cWA N
_dKOSZ 005/EG
041 0 _apol
046 _k1975
080 _a664
080 _a631.563.9
080 _a577.1
100 1 _aHorubała, Adolf
_d(1925- )
_eAutor
245 1 0 _aPodstawy przechowalnictwa żywności /
_cAdolf Horubała.
260 _aWarszawa :
_bPańst. Wydaw. Naukowe,
_c1975.
300 _a416, [3] s. :
_bil., tab., wykr., err. ;
_c24 cm.
336 _2rdacontent
_aTekst
_btxt
337 _2rdamedia
_aBez urządzenia pośredniczącego
_bn
338 _2rdacarrier
_aWolumin
_bnc
380 _aKsiążki
380 _aPublikacje fachowe
388 _a1901-2000
388 _a1945-1989
504 _aBibliogr. przy rozdz. - Indeks.
650 7 _aKonserwacja żywności
_2DBN
650 7 _aŻywność
_2DBN
650 7 _aMagazynowanie
658 _aRolnictwo i leśnictwo
710 2 _aPaństwowe Wydawnictwo Naukowe
856 _uhttp://koha.tu.koszalin.pl/cgi-bin/koha/opac-detail.pl?biblionumber=16244
_yKatalog online BPK
942 _2UKD
_cKS
999 _c16244
_d16244